The Song of Solomon : (Record no. 9680)

MARC details
000 -LEADER
fixed length control field 02063cam a2200325 a 4500
001 - CONTROL NUMBER
control field 769871185
003 - CONTROL NUMBER IDENTIFIER
control field OCoLC
005 - DATE AND TIME OF LATEST TRANSACTION
control field 20241126110717.0
008 - FIXED-LENGTH DATA ELEMENTS--GENERAL INFORMATION
fixed length control field 111207s2012 ilu b 001 0 eng
010 ## -
-- 2011049813
020 ## - INTERNATIONAL STANDARD BOOK NUMBER
International Standard Book Number 9781433523380 (hc)
020 ## - INTERNATIONAL STANDARD BOOK NUMBER
International Standard Book Number 1433523388 (hc)
035 ## - SYSTEM CONTROL NUMBER
System control number (OCoLC)769871185
040 ## - CATALOGING SOURCE
Original cataloging agency DLC
Language of cataloging eng
Transcribing agency DLC
Modifying agency OCLCO
-- BTCTA
-- BDX
-- YDXCP
042 ## -
-- pcc
082 ## - DEWEY DECIMAL CLASSIFICATION NUMBER
Classification number 220.7
Item number PRE
092 ## - LOCALLY ASSIGNED DEWEY CALL NUMBER (OCLC)
Classification number 223.9
Item number O26S
100 1# - MAIN ENTRY--PERSONAL NAME
Personal name O'Donnell, Douglas Sean,
Dates associated with a name 1972-
9 (RLIN) 16816
245 14 - TITLE STATEMENT
Title The Song of Solomon :
Remainder of title an invitation to intimacy /
Statement of responsibility, etc. Douglas Sean O'Donnell
260 ## - PUBLICATION, DISTRIBUTION, ETC.
Place of publication, distribution, etc. Wheaton, Illinois :
Name of publisher, distributor, etc. Crossway,
Date of publication, distribution, etc. c2012
300 ## - PHYSICAL DESCRIPTION
Extent 183 p. ;
Dimensions 24 cm
490 1# - SERIES STATEMENT
Series statement Preaching the Word
504 ## - BIBLIOGRAPHY, ETC. NOTE
Bibliography, etc. note Includes bibliographical references and index
520 ## - SUMMARY, ETC.
Summary, etc. Our culture holds the megaphone when it comes to talking about sex today. Yet the church has maintained a reputation for keeping quiet, hesitant to teach people about this sacred aspect of life. The Song of Solomon, however, holds nothing back as it sings loudly about the holy practice of sexuality and pushes us into the conversation with godly theology. While this biblical text has been subject to a broader range of interpretation probably than any other book in the Bible, Wisdom Literature expert Doug O'Donnell offers this comprehensible guide to help uncoil its complexities and solve its riddles. He explores the poetry, themes, and wisdom of this song from a Christocentric perspective, and gives us a profound, rich, and witty reflection that encourages right thinking and behavior. Showing how this "song of songs" is meant to teach us about biblical sexuality and God's heart for his people, O'Donnell elucidates on the greatest subject of all time--love. --
Assigning source From publisher's description
630 00 - SUBJECT ADDED ENTRY--UNIFORM TITLE
Uniform title Bible.
Name of part/section of a work Song of Solomon
General subdivision Criticism, interpretation, etc
9 (RLIN) 15564
650 #0 - SUBJECT ADDED ENTRY--TOPICAL TERM
Topical term or geographic name entry element Intimacy (Psychology)
General subdivision Religious aspects
-- Christianity
9 (RLIN) 4432
650 #0 - SUBJECT ADDED ENTRY--TOPICAL TERM
Topical term or geographic name entry element Love
General subdivision Religious aspects
-- Christianity
9 (RLIN) 141
830 #0 -
-- Preaching the Word
-- 16818
942 ## - ADDED ENTRY ELEMENTS (KOHA)
Source of classification or shelving scheme Dewey Decimal Classification
Koha item type Reference Books
Holdings
Withdrawn status Lost status Source of classification or shelving scheme Damaged status Not for loan Home library Current Library Shelving location Date acquired Total checkouts Full call number Barcode Date last seen Copy number Price effective from Koha item type
    Dewey Decimal Classification     GRACE BIBLE COLLEGE GRACE BIBLE COLLEGE Commentary 2023-04-19   220.7 PRE 016240 2025-05-01 v.15 2023-04-19 Reference Books
© Grace Bible College Library 2025